Enhancing the reversion resistance of natural rubber compounds (Record no. 58636)

MARC details
000 -LEADER
fixed length control field 00419nam a2200157Ia 4500
100 ## - MAIN ENTRY--AUTHOR NAME
Personal name Bates Kenneth
245 #0 - TITLE STATEMENT
Title Enhancing the reversion resistance of natural rubber compounds
260 ## - PUBLICATION, DISTRIBUTION, ETC. (IMPRINT)
Name of publisher Rubber World
Year of publication 2013
300 ## - PHYSICAL DESCRIPTION
Number of Pages 27-32
650 ## - SUBJECT ADDED ENTRY--TOPICAL TERM
Topical Term Natural rubber
650 ## - SUBJECT ADDED ENTRY--TOPICAL TERM
Topical Term Struktol process
650 ## - SUBJECT ADDED ENTRY--TOPICAL TERM
Topical Term Struktol SA1341
650 ## - SUBJECT ADDED ENTRY--TOPICAL TERM
Topical Term Struktol ZB47
942 ## - ADDED ENTRY ELEMENTS (KOHA)
Koha item type Journals
Holdings
Withdrawn status Lost status Damaged status Not for loan Home library Current library Date acquired Serial Enumeration / chronology Koha item type
      Journals RRII Library RRII Library 24/03/2014 Volume 249, Issue 2 Journals